[Event "GER-chT School WK GS"]
[Site "Playchess.com INT"]
[Date "2020.06.11"]
[Round "1.4"]
[White "Witte, Leonard"]
[Black "Wallaschek, Robin"]
[Result "1/2-1/2"]
[WhiteElo "1678"]
[BlackElo "1638"]
[PlyCount "42"]
[EventDate "2020.06.11"]
[EventType "team-swiss (blitz)"]
[EventRounds "7"]
[EventCountry "GER"]
[SourceTitle "EXT 2021"]
[Source "ChessBase"]
[SourceDate "2020.10.23"]
[SourceVersion "1"]
[SourceVersionDate "2020.10.23"]
[SourceQuality "1"]
[WhiteTeam "Hopfengarten Sah"]
[BlackTeam "Hannover Wasserk NI"]
[WhiteTeamCountry "GER"]
[BlackTeamCountry "GER"]

1. e3 e5 2. Nc3 Nf6 3. Nf3 Nc6 4. g3 Bc5 5. Bc4 0-0 6. Bd5 d6 7. Bxc6 bxc6 8. a3 Bf5 9. d4 exd4 10. exd4 Bb6 11. Bg5 d5 12. Ne5 Qd6 13. Bxf6 Qxf6 14. g4 Be6 15. h4 Qf4 16. Ne2 Qf6 17. g5 Qf5 18. Ng3 Qf4 19. Ne2 Qf5 20. Ng3 Qf4 21. Ne2 Qf5 1/2-1/2

[Event "GER Pfingstopen U12"]
[Site "Playchess.com INT"]
[Date "2020.06.02"]
[Round "5"]
[White "Freier, Lennart Luis"]
[Black "Witte, Leonard"]
[Result "0-1"]
[WhiteElo "1310"]
[BlackElo "1620"]
[PlyCount "66"]
[EventDate "2020.06.02"]
[EventType "swiss (blitz)"]
[EventRounds "11"]
[EventCountry "GER"]
[SourceTitle "CBM 197 Extra"]
[Source "ChessBase"]
[SourceDate "2020.09.30"]
[SourceVersion "1"]
[SourceVersionDate "2020.09.30"]
[SourceQuality "1"]

1. e4 e6 2. d4 Qh4 3. Nf3 Qxe4+ 4. Be2 Qg4 5. Nc3 Qxg2 6. Rg1 Qh3 7. Bf4 Qf5 8. Bxc7 d6 9. Bd3 Qf6 10. d5 Na6 11. Ba5 b6 12. Bxb6 axb6 13. dxe6 Qxe6+ 14. Be2 Nb4 15. Ng5 Qg6 16. Nb5 Rb8 17. Nc7+ Kd7 18. Na6 Bxa6 19. Bxa6 Nxc2+ 20. Kf1 Qf5 21. Rc1 Ne3+ 22. Ke1 Nxd1 23. Rxd1 Qe5+ 24. Kf1 Ra8 25. Nf3 Qf5 26. Bd3 Qxf3 27. Bb5+ Kd8 28. Rg3 Qf5 29. Rc3 Qxb5+ 30. Kg1 Qxb2 31. Rf3 Rxa2 32. Rxf7 Nh6 33. Rf3 Ra1 0-1

[Event "GER Pfingstopen U12"]
[Site "Playchess.com INT"]
[Date "2020.06.02"]
[Round "2"]
[White "Kieselbach, Jannik"]
[Black "Witte, Leonard"]
[Result "1-0"]
[WhiteElo "1449"]
[BlackElo "1620"]
[PlyCount "67"]
[EventDate "2020.06.02"]
[EventType "swiss (blitz)"]
[EventRounds "11"]
[EventCountry "GER"]
[SourceTitle "CBM 197 Extra"]
[Source "ChessBase"]
[SourceDate "2020.09.30"]
[SourceVersion "1"]
[SourceVersionDate "2020.09.30"]
[SourceQuality "1"]

1. d4 e6 2. c4 Bb4+ 3. Bd2 Bxd2+ 4. Nxd2 c6 5. Ngf3 Qb6 6. Qc2 d5 7. c5 Qd8 8. e3 b5 9. b4 Na6 10. a3 Nb8 11. Ne5 a5 12. Qb2 axb4 13. axb4 Rxa1+ 14. Qxa1 f6 15. Nd3 Na6 16. Be2 e5 17. 0-0 exd4 18. exd4 Nh6 19. Bh5+ g6 20. Re1+ Kf7 21. Bd1 Bf5 22. Qxa6 Bxd3 23. Qxc6 Qa8 24. Qe6+ Kf8 25. Qxf6+ Kg8 26. Re7 Qf8 27. Qe6+ Nf7 28. Re8 Kg7 29. Rxf8 Rxf8 30. Qxd5 Rd8 31. Qf3 Rxd4 32. Bb3 Bc4 33. Bxc4 bxc4 34. Qc3 1-0

[Event "GER Pfingstopen U12"]
[Site "Playchess.com INT"]
[Date "2020.06.02"]
[Round "6"]
[White "Kuehn, Konstantin Emanuel"]
[Black "Witte, Leonard"]
[Result "0-1"]
[WhiteElo "1590"]
[BlackElo "1620"]
[PlyCount "41"]
[EventDate "2020.06.02"]
[EventType "swiss (blitz)"]
[EventRounds "11"]
[EventCountry "GER"]
[SourceTitle "CBM 197 Extra"]
[Source "ChessBase"]
[SourceDate "2020.09.30"]
[SourceVersion "1"]
[SourceVersionDate "2020.09.30"]
[SourceQuality "1"]

1. e4 e6 2. d4 Qh4 3. Nc3 Bb4 4. Nf3 Qxe4+ 5. Be3 Bxc3+ 6. bxc3 Qc6 7. Qd2 Nf6 8. Bg5 Ne4 9. Qe3 Qxc3+ 10. Nd2 Qxa1+ 11. Ke2 Nxd2 12. Qxd2 Qxa2 13. g3 Qa6+ 14. Ke1 Qc6 15. Rg1 Qe4+ 16. Kd1 Qg4+ 17. Be2 Qh3 18. Bf1 Qxh2 19. Rg2 Qh5+ 20. Be2 Qh1+ 21. Qe1 0-1

[Event "GER Pfingstopen U12"]
[Site "Playchess.com INT"]
[Date "2020.06.02"]
[Round "7"]
[White "Witte, Leonard"]
[Black "Muendoerfer, Sebastian"]
[Result "0-1"]
[WhiteElo "1620"]
[BlackElo "1548"]
[PlyCount "84"]
[EventDate "2020.06.02"]
[EventType "swiss (blitz)"]
[EventRounds "11"]
[EventCountry "GER"]
[SourceTitle "CBM 197 Extra"]
[Source "ChessBase"]
[SourceDate "2020.09.30"]
[SourceVersion "1"]
[SourceVersionDate "2020.09.30"]
[SourceQuality "1"]

1. e3 c5 2. Bc4 g6 3. Qf3 Nf6 4. g4 Nc6 5. g5 Ne5 6. Qf4 Nxc4 7. gxf6 Nb6 8. fxe7 Qxe7 9. b3 Bg7 10. Nc3 0-0 11. Bb2 d5 12. Rb1 Bf5 13. Qf3 Bxc2 14. Nxd5 Nxd5 15. Rc1 Nb4 16. Ba3 Be4 17. Qe2 Nd3+ 18. Kd1 Nxc1 19. Kxc1 Bxh1 20. Qc4 Rfd8 21. Bxc5 Qe4 22. Qb5 a6 23. Qb4 Qe5 24. Bd4 Rac8+ 25. Kb2 Rxd4 26. exd4 Qe1 27. Nf3 Bxf3 28. Qb6 Qxd2+ 29. Ka3 Qc1+ 30. Ka4 Bc6+ 31. Kb4 Bf8+ 32. Qc5 Bxc5+ 33. dxc5 Rd8 34. Ka5 Qa3+ 35. Kb6 Qb4+ 36. Kc7 Rd1 37. a3 Qf4+ 38. Kb6 Qf6 39. b4 Ba4+ 40. Kxb7 Qc6+ 41. Ka7 Rd7+ 42. Kb8 Qb7# 0-1